[Event "C.to Italiano femminile"]
[Site "Montecatini Terme ITA"]
[Date "2011.08.07"]
[Round "9"]
[White "Chiarion, Elisa"]
[Black "Barbiso, Tiziana"]
[WhiteElo "1964"]
[BlackElo "2072"]
[Result "1/2-1/2"]
[PlyCount "89"]
[EventDate "2011.07.31"]

1. e4 c5 2. Nf3 d6 3. d4 cxd4 4. Nxd4 Nf6 5. Nc3 a6 6. f4 Qc7 7. a4 b6 8. Be2
Bb7 9. Bf3 Nbd7 10. O-O e5 11. Nf5 g6 12. Ne3 Bg7 13. f5 O-O 14. g4 Nc5 15.
Ned5 Nxd5 16. Nxd5 Bxd5 17. Qxd5 Qb7 18. Rd1 Rfd8 19. b4 Qxd5 20. Rxd5 Nd7 21.
Be3 gxf5 22. gxf5 Bf8 23. Kf2 Rac8 24. Rg1+ Kh8 25. Rc1 Rc3 26. Rd3 Rc4 27. c3
Rdc8 28. Bh5 Rxe4 29. Bxf7 Rxe3 30. Rxe3 Bh6 31. Be6 Rc7 32. Rg3 Nf6 33. Re1
Bd2 34. Reg1 Ne4+ 35. Ke2 h6 36. Rg8+ Kh7 37. Kd3 d5 38. Bxd5 Rxc3+ 39. Ke2 Bg5
40. h4 Nf6 41. Rd8 Rc2+ 42. Kf3 Rc3+ 43. Ke2 Rc2+ 44. Kf1 Bxh4 45. Rg2 1/2-1/2